|
|
|
|
| LEADER |
01622nam a2200409 i 4500 |
| 001 |
EBC3567744 |
| 003 |
MiAaPQ |
| 005 |
20200520144314.0 |
| 006 |
m o d | |
| 007 |
cr cnu|||||||| |
| 008 |
150801t20162016gw ad o 000 0 eng|d |
| 020 |
|
|
|z 9783662473917
|
| 020 |
|
|
|a 9783662473924 (e-book)
|
| 035 |
|
|
|a (MiAaPQ)EBC3567744
|
| 035 |
|
|
|a (Au-PeEL)EBL3567744
|
| 035 |
|
|
|a (CaPaEBR)ebr11079664
|
| 035 |
|
|
|a (CaONFJC)MIL814283
|
| 035 |
|
|
|a (OCoLC)914165979
|
| 040 |
|
|
|a MiAaPQ
|b eng
|e rda
|e pn
|c MiAaPQ
|d MiAaPQ
|
| 050 |
|
4 |
|a HC430.P6
|b Y36 2016
|
| 100 |
1 |
|
|a Yan, Kun,
|e author.
|
| 245 |
1 |
0 |
|a Poverty alleviation in China :
|b a theoretical and empirical study /
|c Kun Yan.
|
| 264 |
|
1 |
|a Berlin/Heidelberg :
|b Springer,
|c [2016]
|
| 264 |
|
4 |
|c 2016
|
| 300 |
|
|
|a 1 online resource (254 pages) :
|b illustrations (some color)
|
| 336 |
|
|
|a text
|2 rdacontent
|
| 337 |
|
|
|a computer
|2 rdamedia
|
| 338 |
|
|
|a online resource
|2 rdacarrier
|
| 490 |
1 |
|
|a Research series on the Chinese dream and China's development path,
|x 2363-6866
|
| 588 |
|
|
|a Description based on online resource; title from PDF title page (ebrary, viewed July 31, 2015).
|
| 590 |
|
|
|a Electronic reproduction. Ann Arbor, MI : ProQuest, 2016. Available via World Wide Web. Access may be limited to ProQuest affiliated libraries.
|
| 650 |
|
0 |
|a Poverty
|z China.
|
| 650 |
|
0 |
|a Poverty
|x Research.
|
| 655 |
|
4 |
|a Electronic books.
|
| 797 |
2 |
|
|a ProQuest (Firm)
|
| 830 |
|
0 |
|a Research series on the Chinese dream and China's development path.
|
| 856 |
4 |
0 |
|u https://ebookcentral.proquest.com/lib/matrademy/detail.action?docID=3567744
|z Click to View
|